| 000 | 00416 a2200121 4500 | ||
|---|---|---|---|
| 001 | ART_15814 | ||
| 005 | 20260410161918.0 | ||
| 008 | 260409a | ||
| 245 | 1 | 0 | _aResponsabilidad socioambiental empresaria en Argentina. |
| 100 | 1 | _aGarcía Fronti, Inés M. | |
| 700 | 1 | _aD´Onofrio, Paula Alejandra | |
| 773 | 0 |
_tDocumentos de trabajo de contabilidad social _g- Año 3, Nº 2 (dic. 2010) _wREV14388 |
|
| 999 |
_c27486 _d27486 |
||